[Event "Tourn. n9601"]
[Site "www.chess-mail.com"]
[Date "2017.11.05"]
[Round "1"]
[White "Libiesse"]
[Black "Begory"]
[WhiteElo "1830"]
[BlackElo "1630"]
[Result "1-0"]
[Round "1"]
1.d4 d5
2.c4 Ng8f6
3.cxd5 Nf6xd5
4.e4 Nd5f6
5.f3 e6
6.Bc1g5 h6
7.Bg5h4 Bf8e7
8.Nb1c3 O-O
9.Bf1c4 Nb8c6
10.a3 Nc6xd4
11.e5 Nf6d5
12.Bc4xd5 exd5
13.Bh4xe7 Qd8xe7
14.Qd1xd4 Rf8e8
15.f4 c6
16.Ng1f3 f6
17.O-O Bc8g4
18.Ra1e1 Bg4xf3
19.Rf1xf3 fxe5
20.Re1xe5 Qe7d7
21.Rf3e3 Re8c8
22.Re5e7 Qd7g4
23.Re3g3 Qg4f5
24.Qd4xg7 { resign }
1-0

[Event "Tourn. n9598"]
[Site "www.chess-mail.com"]
[Date "2017.11.05"]
[Round "1"]
[White "Bojan"]
[Black "Malbertan"]
[WhiteElo "1990"]
[BlackElo "1910"]
[Result "1/2-1/2"]
[Round "1"]
1.e4 c6
2.d4 d5
3.e5 Bc8f5
4.Bf1d3 Bf5xd3
5.Qd1xd3 e6
6.Ng1f3 c5
7.c3 Nb8c6
8.O-O cxd4
9.cxd4 Ng8e7
10.a3 Ne7f5
11.b4 Bf8e7
12.Bc1b2 O-O
13.Nb1d2 Qd8d7
14.b5 Nc6d8
15.Nd2b3 b6
16.a4 f6
17.h3 Nd8f7
18.Kh2 fxe5
19.dxe5 Ra8c8
{ draw }
1/2-1/2

[Event "Tourn. n9598"]
[Site "www.chess-mail.com"]
[Date "2017.11.05"]
[Round "1"]
[White "Joaodelisboa"]
[Black "Bojan"]
[WhiteElo "2019"]
[BlackElo "1990"]
[Result "1-0"]
[Round "1"]
1.e4 e5
2.Ng1f3 Nb8c6
3.d4 exd4
4.Nf3xd4 Qd8f6
5.Nd4xc6 dxc6
6.Bf1d3 Bf8d6
7.O-O Ng8h6
8.e5 Bd6xe5
9.Qd1e2 O-O
10.Rf1e1 Be5d6
11.h3 Bc8e6
12.Nb1c3 Be6f5
13.Bc1xh6 Bf5xd3
14.Qe2xd3 Qf6xh6
15.Nc3e4 Bd6e5
16.Qd3b3 b6
17.Ra1d1 Ra8d8
18.Ne4g3 Qh6f6
19.c3 g6
20.Re1e3 Be5d6
21.Ng3e4 Qf6f4
22.g3 Qf4f5
23.Kg2 Bd6e5
24.Rd1xd8 Rf8xd8
25.Qb3c4 Qf5d7
26.f4 Be5g7
27.Ne4f2 b5
28.Qc4e4 Qd7d6
29.Re3d3 Qd6f6
30.Nf2g4 { resign }
1-0

[Event "Tourn. n9608"]
[Site "www.chess-mail.com"]
[Date "2017.11.05"]
[Round "1"]
[White "Bojan"]
[Black "Fantomas"]
[WhiteElo "2030"]
[BlackElo "2130"]
[Result "0-1"]
[Round "1"]
1.e4 e5
2.Ng1f3 Nb8c6
3.c3 Ng8f6
4.Qd1c2 d5
5.exd5 Qd8xd5
6.b3 e4
7.Bf1c4 Qd5f5
8.Nf3d4 Nc6xd4
9.cxd4 Qf5g6
10.g3 Bc8h3
11.d3 Bh3g2
12.Rh1g1 Bg2f3
13.Nb1d2 Bf8b4
14.a3 Bb4xd2
15.Bc1xd2 O-O
16.Bd2e3 Rf8e8
17.Kd2 Ra8d8
18.b4 a6
19.a4 exd3
20.Bc4xd3 Bf3e4
21.f3 Be4xd3
22.Qc2xd3 Qg6h5
23.Qd3e2 Nf6d5
24.g4 Qh5g6
25.Qe2c4 Nd5xe3
26.Qc4xc7 Rd8xd4
27.Kc1 Rd4c4
{ resign }
0-1

[Event "Tourn. n9608"]
[Site "www.chess-mail.com"]
[Date "2017.11.05"]
[Round "1"]
[White "Apdash"]
[Black "Bojan"]
[WhiteElo "2260"]
[BlackElo "2030"]
[Result "1-0"]
[Round "1"]
1.c4 g6
2.d4 Bf8g7
3.e4 e5
4.Ng1f3 exd4
5.Nf3xd4 c5
6.Nd4b5 Qd8e7
7.Nb5c7 Kd8
8.Nc7xa8 Qe7xe4
9.Qd1e2 Qe4c6
10.Bc1f4 Nb8a6
11.Nb1c3 Ng8f6
12.O-O-O Rh8e8
13.Qe2d2 Re8e6
14.Nc3b5 Nf6e8
15.Nb5xa7 Qc6a4
16.Na7xc8 Kxc8
17.Kb1 d6
18.Na8b6 Kb8
19.Nb6xa4 { resign }
1-0

[Event "Tourn. n9544"]
[Site "www.chess-mail.com"]
[Date "2017.11.05"]
[Round "1"]
[White "Liencam2"]
[Black "Tonino1"]
[WhiteElo "2220"]
[BlackElo "2170"]
[Result "1-0"]
[Round "1"]
1.e4 d6
2.d4 Ng8f6
3.Nb1c3 g6
4.f4 Bf8g7
5.Ng1f3 O-O
6.Bf1d3 c6
7.O-O Qd8c7
8.Qd1e1 Nb8d7
9.Qe1h4 e5
10.dxe5 dxe5
11.f5 Nd7c5
12.fxg6 hxg6
13.Nf3g5 Nc5d7
14.Bc1e3 b6
15.Rf1f3 Rf8e8
16.Ra1f1 Qc7d6
17.Bd3c4 Re8e7
18.Ng5xf7 Re7xf7
19.Kh1 b5
20.Bc4b3 Kf8
21.Be3g5 Ke7
22.Bb3xf7 Kxf7
23.Qh4h7 b4
24.Bg5h6 Qd6f8
25.Rf3g3 bxc3
26.Qh7xg6 Kg8
27.bxc3  { time }
1-0

[Event "Tourn. n9580"]
[Site "www.chess-mail.com"]
[Date "2017.11.05"]
[Round "1"]
[White "Et1"]
[Black "Louis"]
[WhiteElo "1809"]
[BlackElo "2010"]
[Result "0-1"]
[Round "1"]
1.e4 e5
2.Ng1f3 Ng8f6
3.Nf3xe5 d6
4.Ne5f3 Nf6xe4
5.d3 Ne4f6
6.Qd1e2 Qd8e7
7.Qe2xe7 Bf8xe7
8.Bc1e3 O-O
 { time }
0-1

[Event "Tourn. n9552"]
[Site "www.chess-mail.com"]
[Date "2017.11.05"]
[Round "1"]
[White "Robinjut"]
[Black "Theo64"]
[WhiteElo "1670"]
[BlackElo "1820"]
[Result "1-0"]
[Round "1"]
1.e4 e6
2.d3 d5
3.e5 c5
4.Ng1f3 Nb8c6
5.Bf1e2 f6
6.exf6 Ng8xf6
7.Bc1g5 Bf8e7
8.Nb1c3 O-O
9.h3 Bc8d7
10.Qd1d2 Qd8c7
11.Bg5xf6 Be7xf6
12.Nc3b5 Qc7b6
13.d4 cxd4
14.Nb5d6 Nc6e7
15.O-O Qb6xd6
16.Nf3xd4 Bf6xd4
17.Qd2xd4  { time }
1-0

[Event "Tourn. n9475"]
[Site "www.chess-mail.com"]
[Date "2017.11.05"]
[Round "1"]
[White "Passaroa25"]
[Black "Cal"]
[WhiteElo "1690"]
[BlackElo "1620"]
[Result "1-0"]
[Round "1"]
1.e4 e5
2.Ng1e2 d6
3.Ne2g3 h6
4.d3 Ng8f6
5.f3 a6
6.Nb1d2 Bf8e7
7.Nd2b3 b5
8.Bc1d2 O-O
9.Bf1e2 Nb8c6
10.O-O Bc8b7
11.Ng3f5 Qd8d7
12.Bd2e3 d5
13.Nb3c5 Qd7c8
14.a3 d4
15.Nf5xe7 Nc6xe7
16.Be3f2 Ra8b8
17.b4 Ne7g6
18.g3 Qc8h3
19.Rf1e1 Bb7c8
20.Be2f1 Rb8b6
21.Bf1xh3 Bc8xh3
22.Qd1e2 Nf6h5
23.Nc5d7 Rb6f6
24.Nd7xf6 Nh5xf6
25.Qe2d1 Nf6h5
26.g4 Nh5f4
27.Qd1d2 Ng6h4
28.Bf2xh4 g5
29.Bh4f2 Kg7
30.Ra1c1 Bh3g2
31.Bf2g3 Bg2xf3
32.Bg3xf4 exf4
33.Qd2f2 Bf3xg4
34.Qf2xd4 f6
35.Qd4a7 Rf8f7
36.Qa7xa6 h5
37.Qa6xb5 Kh6
38.Qb5c5 h4
39.Qc5d5 Rf7d7
40.Qd5g8 Rd7g7
41.Qg8a8 Bg4f3
42.c4 h3
43.Qa8c6 g4
44.Qc6xf6 Kh7
45.Qf6xf4 Bf3g2
46.Qf4f5 Kh6
47.c5 g3
48.Qf5f4 Kh7
49.hxg3 Rg7g6
50.Qf4xc7 Kh6
51.Kh2 Kh5
52.Qc7h7 Kg5
53.Qh7h4 
1-0

[Event "Tourn. n9608"]
[Site "www.chess-mail.com"]
[Date "2017.11.05"]
[Round "1"]
[White "Fantomas"]
[Black "Apdash"]
[WhiteElo "2130"]
[BlackElo "2260"]
[Result "0-1"]
[Round "1"]
1.e4 c5
2.Ng1f3 d6
3.Bf1c4 Ng8f6
4.Nb1c3 g6
5.h3 Bf8g7
6.O-O O-O
7.Rf1e1 a6
8.a4 Nb8c6
9.Nc3d5 Ra8b8
10.d3 Nf6xd5
11.Bc4xd5 e6
12.Bd5b3 b5
13.c3 Nc6a5
14.Bb3c2 b4
15.c4 d5
16.Qd1e2 dxe4
17.dxe4 Rb8b7
18.e5 Rb7d7
19.Bc1e3 Qd8c7
20.Be3g5 Bc8b7
21.b3 Na5c6
22.Qe2e3 Nc6d4
23.Bc2d1 Bb7xf3
24.Bd1xf3 Nd4c2
{ resign }
0-1

[Event "Tourn. n9503"]
[Site "www.chess-mail.com"]
[Date "2017.11.05"]
[Round "1"]
[White "Claudia"]
[Black "Falcoale"]
[WhiteElo "1990"]
[BlackElo "2040"]
[Result "0-1"]
[Round "1"]
1.e4 c5
2.Ng1f3 Nb8c6
3.d4 cxd4
4.Nf3xd4 e6
5.Bc1e3 Ng8f6
6.f3 Bf8b4
7.c3 Bb4a5
8.Bf1e2 O-O
9.Nb1d2 d5
10.O-O Nc6xd4
11.Be3xd4 Ba5b6
12.e5 Nf6d7
13.Kh1 f6
14.f4 fxe5
15.fxe5 Bb6c7
16.Nd2f3 b6
17.Be2d3 Nd7c5
18.Bd3c2 Nc5d7
19.Qd1d3 g6
20.Ra1e1 a5
21.h4 Bc8a6
22.Qd3e3 Ba6xf1
23.Re1xf1 Nd7c5
24.Rf1e1 Qd8e7
25.Nf3g5 Nc5e4
26.Bc2xe4 dxe4
27.Qe3xe4 Ra8e8
28.Bd4e3 Rf8f5
29.Be3f4 h6
30.Ng5f3 Qe7h7
31.Nf3d4 { time. }
0-1

[Event "Tourn. n9580"]
[Site "www.chess-mail.com"]
[Date "2017.11.05"]
[Round "1"]
[White "Picifarkinca"]
[Black "Et1"]
[WhiteElo "1860"]
[BlackElo "1809"]
[Result "1-0"]
[Round "1"]
1.Ng1f3 d5
2.c4 Ng8f6
3.e3 e6
4.Nb1c3 a6
5.cxd5 exd5
6.d4 Bc8f5
7.Bf1d3 Bf5xd3
8.Qd1xd3  { time }
1-0

[Event "Match"]
[Site "www.echecsemail.com"]
[Date "2017.11.05"]
[Round "1"]
[White "Liencam2"]
[Black "Comrade"]
[WhiteElo "2230"]
[BlackElo "2280"]
[Result "0-1"]
[Round "1"]
1.e4 c5
2.Nb1c3 Nb8c6
3.Ng1f3 g6
4.d4 cxd4
5.Nf3xd4 Bf8g7
6.Bc1e3 d6
7.Qd1d2 e6
8.Bf1b5 Bc8d7
9.O-O a6
10.Nd4xc6 Bd7xc6
11.Bb5d3 Ng8e7
12.f4 O-O
13.f5 exf5
14.exf5 Bg7e5
15.f6 Ne7d5
16.Be3h6 Rf8e8
17.Nc3e4 Nd5c7
18.Bh6g7 Bc6xe4
19.Bd3xe4 d5
20.Qd2h6 dxe4
21.Ra1d1 Qd8c8
22.Rd1e1 Qc8g4
23.Re1e3 Qg4h5
24.Qh6xh5 gxh5
25.c3 Re8e6
26.Kh1 Nc7e8
27.Re3xe4 Ne8xg7
{ resign }
0-1

[Event "Match"]
[Site "www.echecsemail.com"]
[Date "2017.11.05"]
[Round "1"]
[White "Cal"]
[Black "Et1"]
[WhiteElo "1690"]
[BlackElo "1809"]
[Result "1-0"]
[Round "1"]
1.c4 e6
2.a3 Bf8c5
3.e3 Ng8f6
4.b4 Bc5e7
5.d3 c5
6.b5 b6
7.Bc1b2 O-O
8.Nb1c3 Bc8b7
9.h3  { time }
1-0

[Event "Match"]
[Site "www.echecsemail.com"]
[Date "2017.11.05"]
[Round "1"]
[White "Karlgrocer"]
[Black "Et1"]
[WhiteElo "2030"]
[BlackElo "1809"]
[Result "1-0"]
[Round "1"]
1.d4 Ng8f6
2.e3 d5
3.Ng1f3 Nb8d7
4.Bf1e2 c6
5.O-O e6
6.Nb1d2 Bf8d6
7.c4 dxc4
8.Nd2xc4 Bd6c7
9.b3  { time }
1-0

[Event "Match"]
[Site "www.echecsemail.com"]
[Date "2017.11.05"]
[Round "1"]
[White "Et1"]
[Black "Mdesouza"]
[WhiteElo "1809"]
[BlackElo "2250"]
[Result "0-1"]
[Round "1"]
1.d4 Ng8f6
2.c4 g6
3.Nb1c3 Bf8g7
4.f3 O-O
5.e4 d6
6.Ng1e2 e5
7.d5 Nf6h5
8.Qd1d2 f5
9.exf5 gxf5
 { time }
0-1

[Event "Match"]
[Site "www.echecsemail.com"]
[Date "2017.11.05"]
[Round "1"]
[White "Tonino1"]
[Black "Jesmantiz"]
[WhiteElo "2170"]
[BlackElo "2240"]
[Result "1/2-1/2"]
[Round "1"]
1.d4 f5
2.f4 d6
3.e3 Ng8f6
4.Bf1d3 g6
5.Ng1f3 Bf8g7
6.O-O O-O
7.c3 b6
8.Qd1e2 Bc8b7
9.Nb1d2 Nf6e4
10.Bd3xe4 fxe4
11.Nf3g5 d5
12.Ng5e6 Qd8d7
13.Ne6xf8 Bg7xf8
14.Rf1f2 Bb7a6
15.c4 e6
16.b3 Nb8c6
17.a3 Nc6a5
18.Bc1b2 Ra8c8
19.Ra1c1 Bf8g7
20.g4 c5
21.Qe2d1 dxc4
22.Nd2xc4 cxd4
23.Nc4xa5 Rc8xc1
24.Bb2xc1 bxa5
25.Bc1b2 Ba6d3
26.Qd1e1 Qd7d5
27.exd4 Qd5xb3
28.h3 a4
29.Kg2 Bg7f8
30.Qe1c3 Qb3d5
31.Kg3 a6
32.Rf2d2 h5
33.Rd2xd3 exd3
34.Qc3xd3 Qd5b3
35.Qd3xb3 axb3
36.gxh5 gxh5
37.Kh4 Bf8h6
38.Kxh5 Bh6xf4
39.Kg6 Kf8
40.Kf6 e5
41.dxe5 Bf4h6
42.Ke6 a5
43.Kd7 Bh6g5
44.e6 a4
45.Bb2e5 Bg5e7
46.Be5b2 Be7h4
47.Bb2e5 Bh4e7
48.Be5b2 Be7g5
49.Bb2d4 Bg5e7
50.Bd4b2 { draw }
1/2-1/2

[Event "Match"]
[Site "www.echecsemail.com"]
[Date "2017.11.05"]
[Round "1"]
[White "Xkafi"]
[Black "Tonino1"]
[WhiteElo "1950"]
[BlackElo "2170"]
[Result "0-1"]
[Round "1"]
1.e4 d6
2.d4 Ng8f6
3.Nb1c3 g6
4.Bf1c4 Bf8g7
5.h3 O-O
6.f4 c6
7.e5 dxe5
8.fxe5 Nf6h5
9.Qd1f3 Qd8xd4
10.Bc4b3 Qd4xe5
11.Ng1e2 Bc8e6
12.O-O Nb8d7
13.Bc1e3 Qe5c7
14.Nc3e4 Be6xb3
15.axb3 Nd7e5
16.Qf3f2 Nh5f6
17.Ne4g5 h6
18.Ng5f3 Nf6e4
19.Qf2h4 Ne5xf3
20.Rf1xf3 Ne4g5
21.Be3xg5 hxg5
22.Qh4xg5 Bg7xb2
 { time }
0-1

[Event "Match"]
[Site "www.echecsemail.com"]
[Date "2017.11.05"]
[Round "1"]
[White "Ranjachess"]
[Black "Rindrandria"]
[WhiteElo "1820"]
[BlackElo "1800"]
[Result "0-1"]
[Round "1"]
1.d4 h6
2.e4 c5
3.Bf1c4 b5
4.Bc4d5 Nb8c6
5.Bd5xc6 dxc6
6.Bc1e3 c4
7.Ng1f3 Ng8f6
8.Nf3e5 Bc8b7
9.Qd1f3 c5
10.d5 Qd8a5
11.c3 b4
12.O-O Qa5c7
13.Be3f4 g5
14.Ne5xf7 e5
15.Bf4xe5 Qc7xf7
16.Be5xf6 Rh8g8
17.Nb1d2 Bf8d6
18.g4 Bd6f4
19.Nd2xc4 Qf7xf6
20.d6 Bf4xh2
21.Kg2 Bh2f4
22.Rf1h1 Qf6e6
23.Ra1d1 Bb7xe4
24.Rh1e1 Be4xf3
25.Kxf3 Qe6xe1
26.Rd1xe1 Kd8
27.Re1e6 Kd7
28.Re6e7 Kd8
29.Ke4 Bf4xd6
30.Re7e6 Bd6h2
31.Re6xh6 Rg8e8
32.Kd5 Bh2f4
33.Kxc5 bxc3
34.bxc3 Ra8c8
35.Kd5 a5
36.Rh6a6 Bf4c7
37.Nc4xa5 Re8e5
38.Kd4 Re5xa5
39.Ra6xa5 Bc7xa5
40.c4 Ba5b6
41.Kc3 Bb6xf2
42.Kb4 Bf2d4
43.a4 Rc8b8
44.Ka5 Kc7
45.Ka6 Kc6
46.a5 Rb8a8

0-1

[Event "Match"]
[Site "www.echecsemail.com"]
[Date "2017.11.05"]
[Round "1"]
[White "Theo64"]
[Black "Claymil"]
[WhiteElo "1729"]
[BlackElo "2060"]
[Result "0-1"]
[Round "1"]
1.e4 c5
2.Nb1c3 Nb8c6
3.g3 g6
4.Bf1g2 Bf8g7
5.d3 e6
6.Bc1e3 b6
7.Qd1d2 Bc8b7
8.Ng1e2 Ng8e7
9.Be3h6 O-O
10.h4 d5
11.h5 d4
12.Bh6xg7 Kxg7
13.hxg6 hxg6
14.Qd2h6 Kf6
15.f4 e5
16.Qh6g5 Kg7
17.Qg5h6 Kf6
18.g4 Ke6
19.f5 Kd7
20.Nc3b5 a6
21.Nb5a3 b5
22.f6 Ne7g8
23.Qh6h3 Qd8xf6
24.g5 Qf6e6
25.Qh3xe6 Kxe6
26.c4 b4
27.Na3c2 Kd6
28.b3 f5
29.Rh1h7 Bb7c8
30.Rh7g7 Ng8e7
31.exf5 Bc8xf5
32.Bg2xc6 Ne7xc6
33.Kd2 e4
34.dxe4 Bf5xe4
35.Ne2g3 Be4f5
36.Ng3xf5 gxf5
37.Ra1f1 Nc6e5
38.g6 Rf8f6
39.Rf1h1 Rf6xg6
 { time }
0-1

[Event "Match"]
[Site "www.echecsemail.com"]
[Date "2017.11.05"]
[Round "1"]
[White "Tonino1"]
[Black "Iko"]
[WhiteElo "2170"]
[BlackElo "1620"]
[Result "1-0"]
[Round "1"]
1.d4 d5
2.f4 Nb8c6
3.e3 Bc8f5
4.c3 Bf5xb1
5.Ra1xb1 Qd8d6
6.Ng1f3 O-O-O
7.Nf3e5 Nc6xe5
8.fxe5 Qd6g6
9.Qd1d3 f5
10.exf6 Qg6xf6
11.Bf1e2 Qf6g5
12.e4 Qg5xg2
13.Be2f3 dxe4
14.Qd3xe4 Qg2g6
15.Bf3g4 Kb8
16.Qe4xg6 hxg6
17.O-O Ng8f6
18.Bg4e2 Rd8d5
19.Be2c4 Nf6g4
20.Bc4xd5 Ng4xh2
21.Rf1xf8 Rh8xf8
22.Kxh2 Rf8f2
23.Bd5g2 Rf2f5
24.Bc1e3 g5
25.Rb1f1 Rf5a5
26.Rf1f8 
1-0

[Event "1/16 Finale"]
[Site "www.chess-mail.com"]
[Date "2017.11.05"]
[Round "1"]
[White "Asoka"]
[Black "Pdebonis"]
[WhiteElo "2730"]
[BlackElo "2680"]
[Result "1/2-1/2"]
[Round "1"]
1.e4 c5
2.Ng1f3 d6
3.Bf1b5 Bc8d7
4.Bb5xd7 Qd8xd7
5.d4 cxd4
6.Nf3xd4 Ng8f6
7.Nb1c3 g6
8.O-O Bf8g7
9.Bc1g5 Nb8c6
10.Nd4xc6 bxc6
11.Qd1e1 Qd7e6
12.Ra1d1 O-O
13.b3 Nf6d7
14.Bg5e3 Qe6e5
15.Be3d4 Qe5f4
16.Bd4xg7 Kxg7
17.h3 Rf8d8
18.g3 Qf4f3
19.Rd1d3 Qf3h5
20.Kg2 Qh5a5
21.f4 f6
22.h4 Qa5h5
23.Rd3f3 Ra8c8
24.Qe1d2 a5
25.Nc3e2 Rd8e8
26.a4 Qh5c5
27.h5 Qc5xh5
28.Rf1h1 Qh5c5
29.Ne2d4 Nd7f8
30.f5 g5
31.Rf3e3 Kh8
32.c3 Qc5a3
33.Re3e1 Rc8b8
34.Qd2e2 Rb8xb3
35.Nd4xb3 Qa3xb3
36.Re1b1 Qb3xa4
37.Rb1b7 c5
38.Rh1e1 Kg7
39.Qe2h5 Qa4c6
{ draw }
1/2-1/2

[Event "1/128 Finale"]
[Site "www.chess-mail.com"]
[Date "2017.11.05"]
[Round "1"]
[White "Cristiano"]
[Black "Tobernor"]
[WhiteElo "1770"]
[BlackElo "1599"]
[Result "0-1"]
[Round "1"]
1.e4 e5
2.f4 exf4
3.Ng1f3 g5
4.h4 g4
5.Nf3e5 Ng8f6
6.Nb1c3 d6
7.Ne5c4 Nf6h5
8.d4 Bf8e7
9.Nc3d5 Be7xh4
10.Kd2 Nb8a6
11.a3 c6
12.Nd5b4 Na6xb4
13.axb4 Nh5g3
14.Rh1g1 Ng3xe4
15.Kd3 Ne4f2
{ resign }
0-1

[Event "Fast Game"]
[Site "www.echecsemail.com"]
[Date "2017.11.05"]
[Round "1"]
[White "Fabos12"]
[Black "Tonino1"]
[WhiteElo "1820"]
[BlackElo "1909"]
[Result "1-0"]
[Round "1"]
1.d4 Ng8f6
2.c4 g6
3.Bc1f4 Bf8g7
4.Nb1c3 O-O
5.e4 d6
6.Bf1d3 c6
7.Ng1f3 Qd8c7
8.Qd1d2 Rf8e8
9.O-O-O Nb8d7
10.h4 h5
11.Bf4h6 Bg7h8
12.Rd1e1 e5
13.d5 c5
14.Nf3g5 Nf6g4
15.Ng5h3 Ng4xh6
16.Qd2xh6 Bh8g7
17.Qh6e3 Nd7f8
18.f4 Bc8xh3
19.Rh1xh3 Kh7
20.f5 Bg7h6
21.Qe3xh6 Kxh6
22.Re1g1 f6
23.g4 gxf5
24.gxf5 a6
25.Rh3g3 Qc7f7
26.Nc3a4 b5
27.cxb5 axb5
28.Bd3xb5 Re8b8
29.Bb5c6 Ra8a6
30.b3 Rb8b4
31.Na4c3 c4
32.Kc2 Qf7a7
33.Rg3g8 cxb3
34.axb3 Qa7f2
35.Kc1  { time }
1-0

[Event "Fast Game"]
[Site "www.echecsemail.com"]
[Date "2017.11.05"]
[Round "1"]
[White "Hennie4820"]
[Black "Attatroll"]
[WhiteElo "1720"]
[BlackElo "1760"]
[Result "0-1"]
[Round "1"]
1.e4 d6
2.d4 Ng8f6
3.f3 g6
4.c4 Bf8g7
5.Nb1c3 O-O
6.Bc1e3 c6
7.Qd1d2 e5
8.d5 cxd5
9.cxd5 Nb8d7
10.O-O-O Qd8a5
11.Kb1 Nd7c5
12.Bf1c4 Bc8d7
13.Ng1e2 a6
14.a3 b5
15.Bc4a2 Ra8b8
16.Be3h6 Rf8c8
17.Bh6xg7 Kxg7
 { time }
0-1

[Event "Fast Game"]
[Site "www.echecsemail.com"]
[Date "2017.11.05"]
[Round "1"]
[White "Claudia"]
[Black "Apdash"]
[WhiteElo "1940"]
[BlackElo "1830"]
[Result "0-1"]
[Round "1"]
1.e4 e5
2.Ng1f3 Nb8c6
3.Bf1c4 Bf8e7
4.O-O Ng8f6
5.d3 O-O
6.c3 d5
7.exd5 Nf6xd5
8.Nb1d2 Bc8g4
9.h3 Bg4h5
10.Rf1e1 { time. }
0-1

[Event "Tourn. n9576"]
[Site "www.chess-mail.com"]
[Date "2017.11.06"]
[Round "1"]
[White "Apdash"]
[Black "Aiko1603"]
[WhiteElo "2230"]
[BlackElo "2020"]
[Result "1-0"]
[Round "1"]
1.d4 e6
2.c4 d5
3.Nb1c3 c5
4.cxd5 exd5
5.dxc5 Bf8xc5
6.Qd1xd5 Qd8xd5
7.Nc3xd5 Bc5d6
8.e4 Bc8e6
9.Bf1c4 Be6xd5
10.Bc4xd5 Nb8c6
11.Bd5xc6 bxc6
12.f4 Ng8e7
13.Bc1d2 O-O
14.e5 Bd6c5
15.Ng1e2 Ra8b8
16.Ra1c1 Bc5b6
17.Ne2g3 Rb8d8
18.Bd2b4 Rf8e8
19.Bb4c5 Bb6xc5
20.Rc1xc5 Rd8d5
21.Rc5c2 Re8d8
22.Ke2 h6
23.Rh1c1 g6
24.Ng3e4 Rd5d4
25.Rc2c4 Rd4d5
26.Ne4f6 { resign }
1-0

[Event "Tourn. n9578"]
[Site "www.chess-mail.com"]
[Date "2017.11.06"]
[Round "1"]
[White "Caspito"]
[Black "Aiko1603"]
[WhiteElo "1920"]
[BlackElo "2020"]
[Result "0-1"]
[Round "1"]
1.e4 c5
2.b3 Nb8c6
3.Bc1b2 e5
4.Bf1c4 Ng8f6
5.Qd1f3 d6
6.Ng1e2 Bc8g4
7.Bc4xf7 Ke7
8.Qf3e3 Kxf7
9.Nb1c3 Bg4xe2
10.Nc3xe2 Bf8e7
11.O-O-O Qd8a5
12.f3 Qa5xa2
13.Ne2c3 Qa2a5
14.Rh1f1 b5
15.g3 Nc6b4
16.f4 Rh8c8
17.fxe5 dxe5
18.Nc3d5 Nb4xd5
19.exd5 Be7d6
20.Qe3d3 Kg8
21.h3 c4
22.bxc4 Rc8xc4
23.Qd3f5 Ra8e8
24.Qf5g5 Bd6a3
25.c3 Rc4xc3
{ resign }
0-1

[Event "Tourn. n9608"]
[Site "www.chess-mail.com"]
[Date "2017.11.06"]
[Round "1"]
[White "Fantomas"]
[Black "Joaodelisboa"]
[WhiteElo "2130"]
[BlackElo "2080"]
[Result "1/2-1/2"]
[Round "1"]
1.e4 c5
2.Ng1f3 e6
3.e5 d5
4.exd6 Bf8xd6
5.Nb1c3 Ng8f6
6.Bf1c4 O-O
7.O-O Nb8c6
8.a3 a6
9.d3 b5
10.Bc4a2 h6
11.h3 Qd8c7
12.Nc3e4 Nf6xe4
13.dxe4 c4
14.Qd1e2 Bc8b7
15.Bc1d2 Nc6e7
16.Ra1d1 Ne7g6
17.Bd2c3 Rf8c8
18.e5 Bb7xf3
19.Qe2xf3 Bd6xe5
20.Bc3xe5 Ng6xe5
21.Qf3e2 Rc8d8
22.c3 Ne5d7
23.Ba2b1 Nd7f6
24.Qe2e3 a5
25.Bb1c2 a4
{ draw }
1/2-1/2

[Event "Tourn. n9444"]
[Site "www.chess-mail.com"]
[Date "2017.11.06"]
[Round "1"]
[White "Piwi123"]
[Black "Cjood"]
[WhiteElo "2230"]
[BlackElo "2040"]
[Result "1-0"]
[Round "1"]
1.e4 e6
2.Ng1f3 b6
3.d4 g6
4.Nb1c3 Bc8b7
5.Bf1d3 Bf8g7
6.O-O d5
7.exd5 Bb7xd5
8.Nc3xd5 exd5
9.Rf1e1 Ng8e7
10.Bc1f4 O-O
11.c3 c5
12.dxc5 bxc5
13.Nf3g5 h6
14.Ng5f3 g5
15.Bf4e3 c4
16.Be3c5 Nb8c6
17.Bd3xc4 dxc4
18.Bc5xe7 Qd8xd1
19.Ra1xd1 Nc6xe7
20.Re1xe7 Rf8b8
21.Rd1d2 Rb8d8
22.Re7xa7 g4
23.Rd2xd8 Ra8xd8
24.Nf3e1 Rd8d1
25.Ra7e7 Kf8
26.Re7e2 h5
27.f3 Rd1a1
28.a3 Ra1a2
29.fxg4 Bg7xc3
30.gxh5 Bc3xb2
31.Kf1 c3
32.Ne1c2 Bb2xa3
33.Nc2xa3 Ra2xa3
34.Re2c2 Ra3b3
35.Ke2 Rb3b2
36.Kd3 Kg7
37.g4 Rb2b4
38.h3 Rb4b1
39.Rc2xc3 Rb1f1
40.Ke2 Rf1f4
41.Rc3c7 Rf4e4
42.Kf3  { time }
1-0

[Event "Tourn. n9567"]
[Site "www.chess-mail.com"]
[Date "2017.11.06"]
[Round "1"]
[White "Joaodelisboa"]
[Black "Julian"]
[WhiteElo "1599"]
[BlackElo "1430"]
[Result "1-0"]
[Round "1"]
1.e4 e5
2.Ng1f3 Nb8c6
3.d4 exd4
4.Nf3xd4 d5
5.exd5 Nc6xd4
6.Qd1xd4 Ng8f6
7.Nb1c3 c6
8.Qd4e5 Bf8e7
9.dxc6 O-O
10.c7 Qd8d6
11.Bc1f4 Qd6xe5
12.Bf4xe5 Nf6d7
13.Be5f4 Nd7f6
14.Bf1e2 Bc8e6
15.O-O Rf8c8
16.Rf1d1 Kf8
17.Be2f3 h6
18.Bf3xb7 { resign }
1-0

[Event "Tourn. n9549"]
[Site "www.chess-mail.com"]
[Date "2017.11.06"]
[Round "1"]
[White "Theo64"]
[Black "Caspito"]
[WhiteElo "1790"]
[BlackElo "1880"]
[Result "0-1"]
[Round "1"]
1.e4 e5
2.Ng1f3 Nb8c6
3.Bf1c4 Ng8h6
4.d4 Qd8f6
5.Bc1xh6 gxh6
6.Nf3xe5 Nc6xe5
7.dxe5 Qf6xe5
8.Nb1c3 Bf8b4
9.Qd1f3 Rh8f8
10.O-O d6
11.Ra1d1 Bc8e6
12.Nc3d5 Bb4a5
13.Nd5f6 Ke7
14.Nf6d5 Be6xd5
15.exd5 Qe5xb2
16.Qf3e4 Qb2e5
17.Qe4xh7 Qe5g5
18.f4 Qg5f6
19.Bc4b5 a6
20.Qh7e4 Kd8
21.Bb5a4 b5
22.Ba4b3 Rf8e8
 { time }
0-1

[Event "Match"]
[Site "www.echecsemail.com"]
[Date "2017.11.06"]
[Round "1"]
[White "Tonino1"]
[Black "Emmanuel69"]
[WhiteElo "2340"]
[BlackElo "1950"]
[Result "1/2-1/2"]
[Round "1"]
1.d4 d5
2.f4 e6
3.e3 f5
4.Ng1f3 Ng8f6
5.Bf1d3 Bf8d6
6.O-O O-O
7.c3 a6
8.Nb1d2 Nb8c6
9.Nf3e5 Bc8d7
10.Ne5xd7 Qd8xd7
11.Nd2f3 Nf6e4
12.Nf3e5 Nc6xe5
13.fxe5 Bd6e7
14.Bd3xe4 fxe4
15.Bc1d2 Rf8xf1
16.Qd1xf1 Ra8f8
17.Qf1e2 g6
18.b3 b5
19.c4 c6
20.c5 Be7d8
21.b4 Bd8g5
22.Ra1f1 Rf8xf1
23.Qe2xf1 Qd7f7
24.Qf1xf7 Kxf7
25.h3 h5
26.g4 hxg4
27.hxg4 Bg5h4
28.Kg2 Bh4g5
29.Kg3 Ke7
{ draw }
1/2-1/2

[Event "Match"]
[Site "www.echecsemail.com"]
[Date "2017.11.06"]
[Round "1"]
[White "Theo64"]
[Black "Cal"]
[WhiteElo "1729"]
[BlackElo "1650"]
[Result "0-1"]
[Round "1"]
1.e4 e5
2.Ng1f3 d6
3.d4 h6
4.dxe5 Bc8g4
5.exd6 cxd6
6.Bc1f4 Ng8f6
7.e5 Nf6e4
8.Bf1d3 Qd8a5
9.Nb1d2 Nb8c6
10.Bd3xe4 dxe5
11.Be4xc6 bxc6
12.Bf4g3 Bf8e7
13.Bg3xe5 Ra8d8
14.Be5c3 Qa5b5
15.Bc3xg7 Rh8h7
16.Bg7c3 f6
17.Qd1e2 Qb5b7
18.Bc3xf6 Rh7f7
19.Bf6h4 Qb7xb2
20.Ra1d1 Qb2xc2
21.O-O Qc2c3
22.Bh4xe7 Rf7xe7
23.Nd2e4 Qc3b4
24.Rd1xd8 Kxd8
25.Rf1d1 Kc7
26.Rd1e1 Bg4f5
27.Nf3d2 Bf5xe4
28.Nd2xe4 c5
29.f3 c4
30.Re1c1 c3
31.Rc1xc3 Kb8
32.Qe2c4 Qb4b6
33.Kf1 a6
 { time }
0-1

[Event "Match"]
[Site "www.echecsemail.com"]
[Date "2017.11.06"]
[Round "1"]
[White "Gambitmiau"]
[Black "Paco"]
[WhiteElo "1960"]
[BlackElo "1960"]
[Result "1-0"]
[Round "1"]
1.e4 e5
2.d4 exd4
3.c3 dxc3
4.Bf1c4 cxb2
5.Bc1xb2 d6
6.Qd1f3 f6
7.Qf3h5 g6
8.Qh5d5 Nb8c6
9.Qd5f7 { resign }
1-0

[Event "Match"]
[Site "www.echecsemail.com"]
[Date "2017.11.06"]
[Round "1"]
[White "Eulero76"]
[Black "Bjonil60"]
[WhiteElo "1499"]
[BlackElo "1500"]
[Result "1-0"]
[Round "1"]
1.e4 Nb8c6
2.c4 e6
3.d4 a6
4.Ng1f3 h6
5.Bf1e2 d6
6.Nb1c3 f6
7.Nf3h4 g5
8.Be2h5 Ke7
9.Nh4g6 Kd7
10.Ng6xh8 Bf8g7
11.Nh8g6 e5
12.Qd1g4 Ke8
13.Ng6xe5 Ke7
14.Ne5g6 Ke8
15.Qg4d1 b6
16.e5 dxe5
17.Ng6xe5 Kf8
18.Ne5xc6 Qd8d7
19.O-O Bc8b7
20.d5 Bb7xc6
21.dxc6 Qd7xc6
22.Bh5f3 Qc6e8
23.Bf3xa8 Qe8xa8
24.Qd1d5 Qa8c8
25.Bc1e3 Ng8e7
26.Qd5f3 Kf7
27.Nc3d5 Ne7xd5
28.Qf3xd5 Kg6
29.Ra1d1 c6
30.Qd5d7 Qc8xd7
31.Rd1xd7 Bg7f8
32.Be3xb6 Bf8b4
33.a3 Bb4f8
34.g4 h5
35.h3 hxg4
36.hxg4 f5
37.f3 f4
38.Rd7c7 Bf8d6
39.Rc7xc6 Kf7
40.Rc6xd6 Ke7
41.c5 Ke8
42.Rf1e1 Kf8
43.c6 Kf7
44.c7 Kg7
45.Re1e7 Kf8
46.c8Q Kxe7
47.Qc8c7 Ke8
48.Rd6d8 
1-0

[Event "Match"]
[Site "www.echecsemail.com"]
[Date "2017.11.06"]
[Round "1"]
[White "Azocarfreund"]
[Black "Ditto"]
[WhiteElo "1969"]
[BlackElo "1860"]
[Result "1-0"]
[Round "1"]
1.Ng1f3 d5
2.d4 c6
3.Bc1f4 Bc8g4
4.Nf3e5 Bg4f5
5.g4 Bf5c8
6.Nb1c3 Ng8f6
7.e3 Nb8d7
8.Bf1h3 e6
9.Qd1e2 Bf8b4
10.f3 O-O
11.Qe2d3 Bb4d6
12.O-O-O c5
13.g5 Nf6e8
14.Rd1g1 c4
15.Ne5xc4 dxc4
16.Qd3xc4 Bd6xf4
17.exf4 Ne8d6
18.Qc4d3 Nd6e8
19.f5 e5
20.Rg1g4 exd4
21.Rg4xd4 Qd8xg5
22.f4 Qg5f6
23.Rd4xd7 Qf6h4
24.Rd7d5 Qh4xf4
25.Kb1 Ne8f6
26.Nc3e2 Qf4f2
27.Rd5d8 b6
28.Rd8xf8 Kxf8
29.Qd3d6 Ke8
30.Qd6c6 Bc8d7
31.Qc6xa8 Ke7
32.Qa8g2 Qf2c5
33.Ne2c3 Kf8
34.Rh1g1 Nf6h5
35.Nc3e4 Qc5e7
36.Ne4g5 Bd7c8
37.Ng5xh7 Kg8
38.f6 Qe7e8
39.Bh3g4 Nh5f4
40.Qg2g3 Nf4g6
41.Nh7g5 Bc8a6
42.Qg3h3 Ng6f8
43.Bg4f5 g6
44.Bf5d7 Qe8xd7
45.Qh3h6 Ba6c4
46.Qh6g7 { resign }
1-0